| 000 | 01980nam a2200337 i 4500 | ||
|---|---|---|---|
| 001 | 21896796 | ||
| 003 | EG-ScBUE | ||
| 005 | 20230216043748.0 | ||
| 008 | 210208s2021 njua f b 001 0 eng d | ||
| 020 | _a9781292359281 | ||
| 040 |
_aDLC _beng _erda _cDLC _dEG-ScBUE |
||
| 082 | 0 | 4 |
_a330.0151 _222 _bESS |
| 245 | 0 | 0 |
_aEssential mathematics for economic analysis / _cKnut Sydsæter, [and three others] |
| 250 | _aSixth edition. | ||
| 264 | 1 |
_aHoboken , NJ: _bPearson Education Limited, _c2021. |
|
| 300 |
_axviii, 952 pages : _bcolor illustrations ; _c30 cm |
||
| 336 |
_atext _btxt _2rdacontent |
||
| 337 |
_aunmediated _bn _2rdamedia |
||
| 338 |
_avolume _bnc _2rdacarrier |
||
| 504 | _aIncludes bibliographical references and index. | ||
| 520 |
_a"The subject matter that modern economics students are expected to master makes significant mathematical demands. This is true even of the less technical "applied" literature that students will be expected to read for courses in fields such as public finance, industrial organization, and labour economics, amongst several others. Indeed, the most relevant literature typically presumes familiarity with several important mathematical tools, especially calculus for functions of one and several variables, as well as a basic understanding of multivariable optimization problems with or without constraints. Linear algebra is also used to some extent in economic theory, and a great deal more in econometrics"-- _cProvided by publisher. |
||
| 650 | 7 |
_aEconomics, Mathematical. _2BUEsh |
|
| 653 |
_bBUSECO _cFebruary2023 |
||
| 655 | _vReading book | ||
| 700 | 1 |
_aSydsæter, Knut, _eauthor. |
|
| 776 | 0 | 8 |
_iOnline version: _aHamond, Peter, _tEssential mathematics for economic analysis _b6. _dHoboken : Pearson, 2021. _z9781292359298 _w(DLC) 2021006080 |
| 906 |
_a7 _bcbc _corignew _d1 _eecip _f20 _gy-gencatlg |
||
| 942 |
_2ddc _cBB |
||
| 999 |
_c30158 _d30129 |
||